000 00303nam a2200121 i 4500
001 bg
245 0 _aSvojstva i primenenie metallov i splavov dlja elektrovakuumnych priborov.
260 _aMoskva,
_c1973.
040 _cBPK
041 _apol
942 _cKS
008 s pl f |000 0 pol
999 _c25955
_d25955
856 _uhttp://koha.tu.koszalin.pl/cgi-bin/koha/opac-detail.pl?biblionumber=25955
_yKatalog online BPK